000 00439cam a22001337a 4500
008 180718b1934 xxu||||| |||| 00| 0 eng d
082 _aB262x54 P193
100 _aPanikkar, K.M.
245 _aNew empire: letters to a conservative member of parliament on the future of England and India
_cby K.M. Pannikkar
260 _aLondon
_bMartin Hopkinson
_c1934
300 _a130p
650 _aIndia --History.
650 _aGreat Britain --History
999 _c420992
_d420992